[Event "WW Open"]
[Site "?"]
[Date "2017.11.17"]
[Round "1.2"]
[White "Fathallah, Joe"]
[Black "Zeidler, Sven"]
[Result "0-1"]
[WhiteElo "1963"]
[BlackElo "2169"]
[PlyCount "76"]
[EventDate "2017.12.01"]
[SourceDate "2017.12.01"]

1. d4 f5 2. c4 Nf6 3. Nf3 g6 4. g3 Bg7 5. Bg2 O-O 6. Nc3 d6 7. O-O c6 8. Rb1 a5
9. a3 Ne4 10. Nxe4 fxe4 11. Ng5 d5 12. Be3 a4 13. Qc2 Bf5 14. Nh3 Nd7 15. cxd5
cxd5 16. Rbc1 Nb6 17. Nf4 Rc8 18. Qd2 Nc4 19. Qb4 Qd7 20. b3 axb3 21. Qxb3 Rf6
22. f3 Rb6 23. Qc3 Rbc6 24. Rcd1 Nxe3 25. Qxe3 Rc3 26. Qd2 e3 27. Qe1 Bh6 28.
Ra1 Bxf4 29. gxf4 Qa4 30. Qh4 Rxa3 31. Rxa3 Qxa3 32. Bh3 Rc6 33. Bxf5 gxf5 34.
Qh5 Rg6+ 35. Kh1 Qb2 36. Qxf5 Qxe2 37. Qxd5+ Kg7 38. Qe5+ Kh6 0-1

[Event "WW Open"]
[Site "?"]
[Date "2017.11.17"]
[Round "1.3"]
[White "Musson, Adam"]
[Black "McCarthy, Moss"]
[Result "1-0"]
[WhiteElo "2121"]
[BlackElo "1950"]
[PlyCount "55"]
[EventDate "2017.12.01"]
[SourceDate "2017.12.01"]

1. d4 d5 2. c4 e6 3. g3 c6 4. Nf3 Bb4+ 5. Bd2 Bd6 6. Bg2 f5 7. O-O Nf6 8. Nc3
Nbd7 9. Bf4 Bxf4 10. gxf4 Nh5 11. e3 Ndf6 12. Ne5 Rg8 13. b4 Bd7 14. b5 Kf8 15.
Bf3 Be8 16. bxc6 bxc6 17. Rb1 g5 18. fxg5 Rxg5+ 19. Kh1 Rb8 20. Qc1 Rg7 21.
Qa3+ Kg8 22. Rg1 Rxb1 23. Nxb1 Qb8 24. Rxg7+ Nxg7 25. Nd2 Qc7 26. Qc5 Kh8 27.
cxd5 exd5 28. Bxd5 1-0

[Event "WW Open"]
[Site "?"]
[Date "2017.11.17"]
[Round "1.4"]
[White "Buttell, David"]
[Black "Brown, Tom"]
[Result "0-1"]
[WhiteElo "1913"]
[BlackElo "2117"]
[PlyCount "114"]
[EventDate "2017.12.01"]
[SourceDate "2017.12.01"]

1. d4 Nf6 2. c4 g6 3. Nc3 Bg7 4. e4 d6 5. f3 O-O 6. Be3 c5 7. d5 e6 8. Bd3 exd5
9. cxd5 a6 10. a4 Nbd7 11. Nh3 Ne5 12. Nf2 Bd7 13. Be2 h5 14. O-O b5 15. Bg5
Qb6 16. a5 Qb7 17. Qc2 Rfc8 18. Rae1 b4 19. Ncd1 Nh7 20. Bc1 Qc7 21. f4 Ng4 22.
Nxg4 hxg4 23. Ne3 Bd4 24. Kh1 Bxe3 25. Bxe3 f5 26. exf5 Bxf5 27. Bd3 Qd7 28.
Bc1 Re8 29. Rxe8+ Rxe8 30. Qc4 Qc8 31. b3 Bxd3 32. Qxd3 Qf5 33. Qxa6 Qxd5 34.
Qb5 Qe4 35. Qb6 Qd3 36. Rg1 Nf6 37. Qc6 Qd5 38. Qxd5+ Nxd5 39. g3 Nc3 40. Bb2
d5 41. h3 gxh3 42. Bxc3 bxc3 43. Rc1 d4 44. Kh2 Ra8 45. Kxh3 Rxa5 46. Kg4 Rb5
47. Kf3 Rxb3 48. Ke4 Kf7 49. g4 Rb8 50. Kd3 Ke6 51. Re1+ Kd6 52. Ra1 Kd5 53.
Re1 c4+ 54. Kc2 Rb2+ 55. Kc1 d3 56. Re8 d2+ 57. Kd1 Rb1+ 0-1

[Event "WW Open"]
[Site "?"]
[Date "2017.11.17"]
[Round "1.5"]
[White "Hewitt, William"]
[Black "Boyd, C Christopher"]
[Result "1-0"]
[WhiteElo "2110"]
[BlackElo "1950"]
[PlyCount "57"]
[EventDate "2017.12.01"]
[SourceDate "2017.12.01"]

1. e4 e5 2. Nf3 Nc6 3. d4 exd4 4. Nxd4 Nxd4 5. Qxd4 d6 6. Nc3 Nf6 7. Bg5 Be7 8.
O-O-O O-O 9. f3 a6 10. Kb1 b5 11. h4 Bb7 12. g4 Re8 13. Qd2 Rb8 14. Bg2 b4 15.
Ne2 a5 16. Nd4 Nd7 17. Nf5 Bf6 18. Bxf6 Qxf6 19. g5 Qe5 20. f4 Qc5 21. Rhe1 Nb6
22. b3 Nc8 23. Re3 Na7 24. c4 bxc3 25. Rxc3 Qb6 26. Qb2 f6 27. gxf6 gxf6 28.
Rg3+ Kf7 29. Rg7+ 1-0

[Event "WW Open"]
[Site "?"]
[Date "2017.11.17"]
[Round "1.6"]
[White "Howells, Chris"]
[Black "Young, Alan"]
[Result "1/2-1/2"]
[WhiteElo "1909"]
[BlackElo "2101"]
[PlyCount "71"]
[EventDate "2017.12.01"]
[SourceDate "2017.12.01"]

1. d4 d5 2. c4 dxc4 3. Nf3 Nf6 4. e3 Bg4 5. Bxc4 e6 6. h3 Bh5 7. Nbd2 a6 8. O-O
c5 9. Be2 Nc6 10. Nb3 cxd4 11. Nfxd4 Bxe2 12. Qxe2 Nxd4 13. Nxd4 Qb6 14. b3 Be7
15. Bb2 O-O 16. Rac1 Rac8 17. Rc2 Rc7 18. Rxc7 Qxc7 19. Rc1 Qd7 20. Qc4 Bd6 21.
Nf3 Rd8 22. Ne5 Qe7 23. Nf3 e5 24. Nh4 Bb8 25. Nf5 Qe6 26. Qxe6 fxe6 27. Rc8
Rxc8 28. Ne7+ Kf7 29. Nxc8 b5 30. Ba3 Nd5 31. Nd6+ Bxd6 32. Bxd6 Kf6 33. Kf1 a5
34. a3 Nc3 35. a4 Ne4 36. Bc7 1/2-1/2

[Event "WW Open"]
[Site "?"]
[Date "2017.11.17"]
[Round "1.7"]
[White "May, Adam"]
[Black "Di-Vetta, Andrew"]
[Result "1/2-1/2"]
[WhiteElo "2036"]
[BlackElo "1806"]
[PlyCount "138"]
[EventDate "2017.12.01"]
[SourceDate "2017.12.01"]

1. c4 Nf6 2. g3 e5 3. Bg2 Nc6 4. Nc3 Bc5 5. Nf3 d6 6. d3 a6 7. a3 Ba7 8. b4 O-O
9. O-O h6 10. Bb2 Rb8 11. Rc1 Ne7 12. e3 Be6 13. h3 Qd7 14. Kh2 Nf5 15. Re1 Nh7
16. c5 f6 17. d4 exd4 18. Nxd4 Nxd4 19. exd4 Bf7 20. Qc2 Rfe8 21. h4 Nf8 22.
Bh3 Qd8 23. Ne2 c6 24. Nf4 d5 25. Bf5 Qc7 26. Bc3 Rxe1 27. Bxe1 Re8 28. Bd2 Re7
29. h5 Ne6 30. Nxe6 Bxe6 31. Bf4 Bxf5 32. Qxf5 Qd8 33. Qg4 Kh8 34. Be3 Bb8 35.
Kg2 Qd7 36. Qg6 Qe6 37. Rh1 Qe4+ 38. Qxe4 Rxe4 39. a4 f5 40. Kf3 Kg8 41. b5
axb5 42. axb5 Kf7 43. bxc6 bxc6 44. Ra1 Re8 45. Ra6 Re6 46. Ra8 Bc7 47. Ra7 Re7
48. Ra6 Re6 49. Ra8 Re7 50. Bd2 Ke6 51. Ra6 Kd7 52. Ra7 Ke6 53. Ra8 Kf7 54. Ra6
Re6 55. Ra8 Re7 56. Rc8 g5 57. hxg6+ Kxg6 58. Rg8+ Kh7 59. Ra8 Kg6 60. Ra6 Re6
61. Ra7 Bd8 62. Ra8 Bf6 63. Bc3 Kf7 64. Ra7+ Kg6 65. Rc7 h5 66. Rc8 h4 67. gxh4
Bxh4 68. Rg8+ Kf7 69. Rc8 Bg5 1/2-1/2

[Event "WW Open"]
[Site "?"]
[Date "2017.11.17"]
[Round "1.8"]
[White "Guy, David"]
[Black "Gibbons, Andrew"]
[Result "0-1"]
[WhiteElo "1850"]
[BlackElo "2010"]
[PlyCount "66"]
[EventDate "2017.12.01"]
[SourceDate "2017.12.01"]

1. d4 Nf6 2. Nf3 e6 3. c4 Bb4+ 4. Bd2 Qe7 5. Qb3 a5 6. g3 Nc6 7. a3 Bxd2+ 8.
Nbxd2 d6 9. Bg2 O-O 10. O-O e5 11. d5 a4 12. Qd1 Nb8 13. e4 Nbd7 14. Ne1 Nc5
15. Qc2 Bd7 16. Nd3 b6 17. Rfe1 Nh5 18. Nxc5 bxc5 19. Nb1 f5 20. exf5 Bxf5 21.
Be4 Bxe4 22. Qxe4 Qg5 23. h4 Qe7 24. Nc3 Nf6 25. Qe2 Qd7 26. Kg2 Qf5 27. Rad1
Qg6 28. Nb5 Rf7 29. Rf1 Raf8 30. Nc3 Nh5 31. Qe3 Qg4 32. Nxa4 Rf3 33. Qe2 Nxg3
0-1

[Event "WW Open"]
[Site "?"]
[Date "2017.11.17"]
[Round "1.9"]
[White "Jones, Ian"]
[Black "Denham, Colin"]
[Result "1-0"]
[WhiteElo "2000"]
[BlackElo "1643"]
[PlyCount "79"]
[EventDate "2017.12.01"]
[SourceDate "2017.12.01"]

1. e4 e6 2. d4 d5 3. Nc3 Bb4 4. Nge2 dxe4 5. a3 Bxc3+ 6. Nxc3 Nf6 7. Bg5 h6 8.
Bxf6 Qxf6 9. Nxe4 Qe7 10. Qh5 Nd7 11. O-O-O Nf6 12. Qe5 Nxe4 13. Qxe4 c6 14.
Bd3 Bd7 15. f4 O-O-O 16. Kb1 g6 17. Rhe1 Qf6 18. c4 g5 19. Rf1 g4 20. Qe3 Qg7
21. Bc2 f5 22. d5 exd5 23. cxd5 b6 24. dxc6 Bxc6 25. Bxf5+ Kb7 26. Be4 Qf6 27.
Bxc6+ Qxc6 28. Rxd8 Rxd8 29. Qe7+ Qc7 30. Qxc7+ Kxc7 31. Kc2 Re8 32. Kd3 Kd6
33. Rf2 Re6 34. f5 Rf6 35. Ke4 h5 36. Kf4 Rf7 37. Kg5 Rh7 38. f6 Rh8 39. f7 Ke7
40. f8=Q+ 1-0

[Event "WW Open"]
[Site "?"]
[Date "2017.11.17"]
[Round "1.10"]
[White "Probert, Malcolm"]
[Black "van Veelen, Thomas"]
[Result "0-1"]
[WhiteElo "1641"]
[BlackElo "1993"]
[PlyCount "110"]
[EventDate "2017.12.01"]
[SourceDate "2017.12.01"]

1. Nf3 d5 2. g3 Nf6 3. Bg2 g6 4. b3 Bg7 5. Bb2 O-O 6. O-O c5 7. d4 Ne4 8. c4 e6
9. e3 Nc6 10. a3 cxd4 11. exd4 Qb6 12. c5 Qc7 13. Nbd2 Nxc5 14. Qc2 Nd7 15. b4
Qd8 16. Rfe1 Nf6 17. h4 Bd7 18. Ne5 Rc8 19. Qd3 Qb6 20. Ndf3 Nxe5 21. dxe5 Bb5
22. Qd1 Ne4 23. Bd4 Qc7 24. a4 Bc4 25. Rc1 a5 26. b5 Qe7 27. h5 Nc5 28. Bf1 Nb3
29. Rb1 Qa3 30. Bb2 Qxa4 31. Nd4 Bxf1 32. Ra1 Qc4 33. Nxb3 Bh3 34. Nd4 Qc7 35.
Kh2 Bf5 36. Rc1 Qd7 37. g4 Rxc1 38. Bxc1 Be4 39. f3 Bxe5+ 40. Kh3 Bxd4 41. Qxd4
Bxf3 42. Bh6 e5 43. Rxe5 f6 44. Re3 f5 45. Bxf8 fxg4+ 46. Kg3 Qc7+ 47. Kf2 Qh2+
48. Ke1 Qg1+ 49. Kd2 Qd1+ 50. Kc3 Qa1+ 51. Kd3 Qd1+ 52. Kc3 Qa1+ 53. Kd3 Be4+
54. Rxe4 dxe4+ 55. Qxe4 Qb1+ 0-1

[Event "WW Open"]
[Site "?"]
[Date "2017.11.18"]
[Round "2.1"]
[White "Zeidler, Sven"]
[Black "Jones, Ian"]
[Result "1/2-1/2"]
[WhiteElo "2169"]
[BlackElo "2000"]
[PlyCount "88"]
[EventDate "2017.12.01"]
[SourceDate "2017.12.01"]

1. e4 e5 2. Nf3 Nc6 3. Nc3 Nf6 4. Be2 Be7 5. O-O O-O 6. d4 exd4 7. Nxd4 Nxd4 8.
Qxd4 d6 9. Bf4 Re8 10. Rad1 a6 11. Rfe1 h6 12. e5 dxe5 13. Qxe5 Bd6 14. Qd4 Bf5
15. Bxd6 cxd6 16. Bd3 Rxe1+ 17. Rxe1 Bxd3 18. cxd3 Rc8 19. Kf1 Rc5 20. b4 Rc6
21. a4 d5 22. Re5 Re6 23. h3 Qd7 24. f4 Rd6 25. g4 Ne8 26. Rxd5 Qc6 27. b5 Rxd5
28. Nxd5 Qc2 29. bxa6 bxa6 30. Ne3 Qh2 31. Qe5 Qxh3+ 32. Ke2 Nf6 33. Qf5 Qh2+
34. Kf3 Qh3+ 35. Kf2 Qh4+ 36. Kg2 Qe1 37. Qc8+ Kh7 38. Qf5+ Kg8 39. Qc8+ Kh7
40. Kf3 Qh1+ 41. Kf2 Qh2+ 42. Ng2 Qh3 43. Qf5+ Kg8 44. Ne3 Qh4+ 1/2-1/2

[Event "WW Open"]
[Site "?"]
[Date "2017.11.18"]
[Round "2.2"]
[White "Gibbons, Andrew"]
[Black "Musson, Adam"]
[Result "0-1"]
[WhiteElo "2010"]
[BlackElo "2121"]
[PlyCount "96"]
[EventDate "2017.12.01"]
[SourceDate "2017.12.01"]

1. c4 e5 2. Nc3 Bb4 3. g3 Nf6 4. Bg2 O-O 5. Nf3 Re8 6. O-O c6 7. d4 e4 8. Ne1
d5 9. cxd5 cxd5 10. Bg5 Bxc3 11. bxc3 Nbd7 12. Qb3 Nb6 13. f3 e3 14. Nd3 h6 15.
Bxf6 gxf6 16. Nf4 Nc4 17. Rfd1 b6 18. Nxd5 Be6 19. Qxc4 Bxd5 20. Qd3 Rc8 21.
Bh3 Bc4 22. Qc2 Rc6 23. Bf5 Qd6 24. a4 Kg7 25. Kg2 h5 26. Rac1 Rh8 27. h4 Rc7
28. Rb1 Kh6 29. Rg1 Rg8 30. Kh3 Qd5 31. Rb4 Re8 32. Rg2 Qa5 33. Be4 Be6+ 34.
Kh2 Qxb4 35. cxb4 Rxc2 36. Bxc2 Rd8 37. Bd3 Rxd4 38. b5 Rxa4 39. Rg1 Bc4 40.
Bxc4 Rxc4 41. Ra1 Rc2 42. Rxa7 Rxe2+ 43. Kh3 Kg6 44. g4 Rb2 45. gxh5+ Kxh5 46.
Rxf7 Rxb5 47. f4 e2 48. Re7 Re5 0-1

[Event "WW Open"]
[Site "?"]
[Date "2017.11.18"]
[Round "2.3"]
[White "Brown, Tom"]
[Black "Bevan, Peter"]
[Result "1-0"]
[WhiteElo "2117"]
[BlackElo "1965"]
[PlyCount "47"]
[EventDate "2017.12.01"]
[SourceDate "2017.12.01"]

1. d4 d5 2. c4 c6 3. Nf3 Nf6 4. e3 a6 5. Nc3 Bg4 6. h3 Bxf3 7. Qxf3 e6 8. Bd3
Bd6 9. O-O Nbd7 10. cxd5 cxd5 11. e4 dxe4 12. Nxe4 Nxe4 13. Bxe4 O-O 14. Bxb7
Ra7 15. Be3 Qb8 16. Bc6 Qxb2 17. Rfb1 Qa3 18. Rb3 Qa5 19. Bxd7 Rxd7 20. Qc6 Qd5
21. Qxa6 Ra8 22. Qd3 Rda7 23. Rb5 Rxa2 24. Rc1 1-0

[Event "WW Open"]
[Site "?"]
[Date "2017.11.18"]
[Round "2.4"]
[White "van Veelen, Thomas"]
[Black "Hewitt, William"]
[Result "1-0"]
[WhiteElo "1993"]
[BlackElo "2110"]
[PlyCount "67"]
[EventDate "2017.12.01"]
[SourceDate "2017.12.01"]

1. d4 Nf6 2. c4 g6 3. g3 Bg7 4. Bg2 d5 5. Nf3 O-O 6. O-O dxc4 7. Nc3 c6 8. e4
b5 9. Qe2 a5 10. Rd1 e6 11. Bg5 h6 12. Bxf6 Bxf6 13. d5 exd5 14. exd5 Bf5 15.
dxc6 Bd3 16. c7 Qxc7 17. Qe3 Ra6 18. Nd5 Qd6 19. Nxf6+ Qxf6 20. Rd2 h5 21. Ne5
Re8 22. f4 Bf5 23. Qc3 Rc8 24. Rad1 Qe7 25. Bd5 Be6 26. Bf3 Ra7 27. Qd4 Rac7
28. Kg2 Qc5 29. Qe4 Kg7 30. Rd8 b4 31. Nxg6 Bf5 32. Qe8 Kxg6 33. Qg8+ Kf6 34.
Qg5+ 1-0

[Event "WW Open"]
[Site "?"]
[Date "2017.11.18"]
[Round "2.5"]
[White "Smith, Lynda"]
[Black "Kett, Tim"]
[Result "0-1"]
[WhiteElo "1967"]
[BlackElo "2269"]
[PlyCount "66"]
[EventDate "2017.12.01"]
[SourceDate "2017.12.01"]

1. e4 c5 2. Nc3 Nc6 3. g3 g6 4. Bg2 Bg7 5. d3 d6 6. Be3 Nf6 7. h3 O-O 8. Qd2
Rb8 9. Nge2 b5 10. O-O b4 11. Nd1 Bb7 12. f4 Nd7 13. g4 Nd4 14. Ng3 Qa5 15. h4
Qb5 16. c3 bxc3 17. bxc3 Nc6 18. Bf3 Ba6 19. Be2 Qa5 20. Rc1 Rb7 21. h5 Rfb8
22. Kg2 Rb1 23. hxg6 hxg6 24. Rh1 Rxc1 25. Qxc1 Qxa2 26. Nf2 Rb2 27. f5 Rc2 28.
Qg1 Rxe2 29. Nxe2 Qxe2 30. Bh6 Bxd3 31. Qh2 Bxe4+ 32. Kg3 Be5+ 33. Bf4 Qf3+ 0-1

[Event "WW Open"]
[Site "?"]
[Date "2017.11.18"]
[Round "2.6"]
[White "Heap, Gerry"]
[Black "Howells, Chris"]
[Result "1-0"]
[WhiteElo "2132"]
[BlackElo "1909"]
[PlyCount "41"]
[EventDate "2017.12.01"]
[SourceDate "2017.12.01"]

1. c4 Nf6 2. Nc3 e6 3. e4 d5 4. e5 d4 5. exf6 dxc3 6. bxc3 Qxf6 7. Nf3 Bd6 8.
d4 h6 9. Bd3 O-O 10. O-O Nd7 11. c5 Bf4 12. Ba3 c6 13. Qe2 Bc7 14. Rae1 Rd8 15.
Nd2 e5 16. Ne4 Qh4 17. g3 Qh3 18. Nd6 Bxd6 19. cxd6 Nf6 20. dxe5 Ng4 21. f3 1-0

[Event "WW Open"]
[Site "?"]
[Date "2017.11.18"]
[Round "2.7"]
[White "Young, Alan"]
[Black "James, Dai"]
[Result "1/2-1/2"]
[WhiteElo "2101"]
[BlackElo "1893"]
[PlyCount "46"]
[EventDate "2017.12.01"]
[SourceDate "2017.12.01"]

1. e4 e5 2. Nf3 Nc6 3. Bb5 f5 4. d4 fxe4 5. Nxe5 Nf6 6. Nc3 Bd6 7. O-O Nxe5 8.
dxe5 Bxe5 9. Nxe4 c6 10. Nd6+ Bxd6 11. Qxd6 cxb5 12. Bd2 Kf7 13. Rae1 Re8 14.
Rxe8 Qxe8 15. Re1 Qf8 16. Qd4 a5 17. g4 d6 18. g5 Ng4 19. Re4 Kg8 20. Qd5+ Kh8
21. Rf4 Qe7 22. Re4 Qf8 23. Rf4 Qe7 1/2-1/2

[Event "WW Open"]
[Site "?"]
[Date "2017.11.18"]
[Round "2.8"]
[White "Di-Vetta, Andrew"]
[Black "Heaven, Pete"]
[Result "0-1"]
[WhiteElo "1806"]
[BlackElo "2088"]
[PlyCount "100"]
[EventDate "2017.12.01"]
[SourceDate "2017.12.01"]

1. d4 Nf6 2. c4 e6 3. Nf3 b6 4. g3 Bb7 5. Bg2 c5 6. e3 cxd4 7. exd4 d6 8. O-O
Be7 9. Nc3 O-O 10. Re1 Nbd7 11. b3 Rc8 12. Bb2 Re8 13. Rc1 Qc7 14. Qe2 Qb8 15.
Qf1 Bf8 16. Ng5 Ba6 17. Nb5 d5 18. a4 h6 19. Nh3 dxc4 20. Rxc4 Nd5 21. Rec1
N7f6 22. Rxc8 Rxc8 23. Rxc8 Bxc8 24. Qc1 Bd7 25. Bf1 Qb7 26. Ba3 Ne8 27. Bxf8
Kxf8 28. Qa3+ Kg8 29. Nd6 Qc7 30. Nxe8 Bxe8 31. Bb5 Bxb5 32. axb5 Qd7 33. Qa1
Qxb5 34. Qxa7 Qxb3 35. Qb8+ Kh7 36. Qe5 Qf3 37. Nf4 Nxf4 38. gxf4 Qd5 39. Qe3
b5 40. Qd3+ f5 41. f3 b4 42. Kf2 Kg6 43. Ke3 Qa2 44. Qb5 Qa3+ 45. Qd3 Qc1+ 46.
Qd2 Qh1 47. Qd3 Qg1+ 48. Kd2 Qxh2+ 49. Kd1 Qxf4 50. d5 Qd6 0-1

[Event "WW Open"]
[Site "?"]
[Date "2017.11.18"]
[Round "2.9"]
[White "Haigh, Tony"]
[Black "May, Adam"]
[Result "1-0"]
[WhiteElo "1870"]
[BlackElo "2036"]
[PlyCount "47"]
[EventDate "2017.12.01"]
[SourceDate "2017.12.01"]

1. d4 d5 2. c4 e6 3. Nc3 Bb4 4. cxd5 exd5 5. Nf3 Nf6 6. Qa4+ Nc6 7. Ne5 Bd7 8.
Nxc6 Bxc3+ 9. bxc3 Bxc6 10. Qc2 Ne4 11. e3 Qf6 12. Bd3 O-O-O 13. O-O Qe6 14.
Re1 Rde8 15. c4 h5 16. f3 dxc4 17. Bxc4 Qf6 18. fxe4 Rxe4 19. Bb2 Qh4 20. Qf2
Qg5 21. Bd3 Rhe8 22. Bxe4 Bxe4 23. Rac1 h4 24. Rc5 1-0

[Event "WW Open"]
[Site "?"]
[Date "2017.11.18"]
[Round "2.10"]
[White "Pleasants, Allan"]
[Black "Buttell, David"]
[Result "1-0"]
[WhiteElo "2198"]
[BlackElo "1913"]
[PlyCount "81"]
[EventDate "2017.12.01"]
[SourceDate "2017.12.01"]

1. e4 c5 2. Nf3 d6 3. Bb5+ Bd7 4. a4 Bxb5 5. axb5 Nd7 6. O-O Ngf6 7. Nc3 g6 8.
d3 Bg7 9. Bf4 e5 10. Be3 O-O 11. Nd2 Nb6 12. Nc4 Nxc4 13. dxc4 Ne8 14. f3 b6
15. Nd5 f5 16. Nxb6 Rb8 17. Nd5 f4 18. Bf2 Rf7 19. Qd2 Kh8 20. Ra6 Rd7 21. Rfa1
Rbb7 22. R1a3 g5 23. Qd1 h5 24. Qa1 g4 25. fxg4 hxg4 26. Rxa7 Rxa7 27. Rxa7
Rxa7 28. Qxa7 g3 29. hxg3 fxg3 30. Bxg3 Qg5 31. Qd7 Qxg3 32. Qxe8+ Kh7 33. Qh5+
Kg8 34. Ne7+ Kf8 35. Nf5 Qe1+ 36. Kh2 Qxe4 37. Qe8+ Kxe8 38. Nxd6+ Kd7 39. Nxe4
Bf8 40. g4 Kc7 41. g5 1-0

[Event "WW Open"]
[Site "?"]
[Date "2017.11.18"]
[Round "2.11"]
[White "Denham, Colin"]
[Black "Fathallah, Joe"]
[Result "0-1"]
[WhiteElo "1643"]
[BlackElo "1963"]
[PlyCount "82"]
[EventDate "2017.12.01"]
[SourceDate "2017.12.01"]

1. e4 e6 2. Nf3 d5 3. exd5 exd5 4. d4 Nf6 5. Be2 Bd6 6. Nc3 c6 7. Bg5 O-O 8.
O-O Bf5 9. Bd3 Bg4 10. Bxf6 Qxf6 11. Be2 Nd7 12. Re1 Rfe8 13. Ne5 Bxe2 14. Nxe2
Nxe5 15. dxe5 Qxe5 16. Ng3 Qxe1+ 17. Qxe1 Rxe1+ 18. Rxe1 Bxg3 19. fxg3 Kf8 20.
Kf2 Re8 21. Rd1 Ke7 22. Rd2 Kd6 23. c4 Re4 24. cxd5 cxd5 25. Kf3 Re7 26. Rc2 d4
27. Rc4 Kd5 28. Rc2 Re3+ 29. Kf2 Re6 30. Kf3 Rc6 31. Rd2 a5 32. b3 Rc3+ 33. Ke2
Ke4 34. Kd1 Rd3 35. Ke1 Rxd2 36. Kxd2 d3 37. a3 Kd4 38. h3 Ke4 39. b4 axb4 40.
axb4 b5 41. h4 h5 0-1

[Event "WW Open"]
[Site "?"]
[Date "2017.11.18"]
[Round "2.12"]
[White "Boyd, C Christopher"]
[Black "Guy, David"]
[Result "0-1"]
[WhiteElo "1950"]
[BlackElo "1850"]
[PlyCount "68"]
[EventDate "2017.12.01"]
[SourceDate "2017.12.01"]

1. e4 e5 2. Nc3 Nf6 3. Bc4 Nc6 4. d3 h6 5. a3 Bc5 6. Nf3 a6 7. O-O d6 8. h3 O-O
9. b4 Ba7 10. Bb2 b5 11. Ba2 Bb7 12. Ne2 Ne7 13. Ng3 Ng6 14. Qd2 Re8 15. Nf5
Nf4 16. Kh2 Qd7 17. g3 Bxe4 18. dxe4 Nxe4 19. Qe1 Qxf5 20. gxf4 Qxf4+ 21. Kg2
Bxf2 22. Rxf2 Qg3+ 23. Kf1 Qxh3+ 24. Ke2 Qg4 25. Bd5 Nxf2 26. Bxa8 e4 27. Kxf2
Qxf3+ 28. Kg1 Re6 29. Qf2 Rg6+ 30. Kf1 Qh3+ 31. Ke1 Rg2 32. Bxe4 Qh1+ 33. Ke2
Rxf2+ 34. Kxf2 Qxe4 0-1

[Event "WW Open"]
[Site "?"]
[Date "2017.11.18"]
[Round "2.13"]
[White "McCarthy, Moss"]
[Black "Probert, Malcolm"]
[Result "1-0"]
[WhiteElo "1950"]
[BlackElo "1641"]
[PlyCount "45"]
[EventDate "2017.12.01"]
[SourceDate "2017.12.01"]

1. d4 g6 2. c4 Bg7 3. e4 d6 4. Nc3 e5 5. Nge2 Nc6 6. Be3 Nge7 7. d5 Nb8 8. c5
O-O 9. Qb3 f5 10. f3 Kh8 11. Qa3 dxc5 12. Bxc5 Rf7 13. O-O-O b6 14. Be3 Bf8 15.
Qb3 Rf6 16. Bg5 Rd6 17. Nb5 Rd7 18. Nec3 a6 19. d6 cxd6 20. Nxd6 Rxd6 21. Rxd6
Qxd6 22. Qf7 Ng8 23. Bc4 1-0

[Event "WW Open"]
[Site "?"]
[Date "2017.11.18"]
[Round "3.1"]
[White "Musson, Adam"]
[Black "Brown, Tom"]
[Result "0-1"]
[WhiteElo "2121"]
[BlackElo "2117"]
[PlyCount "78"]
[EventDate "2017.12.01"]
[SourceDate "2017.12.01"]

1. d4 Nf6 2. c4 g6 3. Nc3 Bg7 4. e4 d6 5. Nf3 O-O 6. Be2 e5 7. d5 Na6 8. Bg5 h6
9. Be3 Ng4 10. Bd2 f5 11. h3 Nf6 12. exf5 gxf5 13. Qc1 f4 14. Qc2 e4 15. Nh4 e3
16. fxe3 Nxd5 17. Nf3 Nxe3 18. Bxe3 fxe3 19. g4 Nb4 20. Qb3 c5 21. O-O-O a5 22.
a3 a4 23. Nxa4 Bd7 24. Nc3 Bxc3 25. bxc3 Ba4 26. Qb1 Bc2 27. Qb2 Bxd1 28. Rxd1
Nc6 29. Qxb7 Qf6 30. Rd3 Rxa3 31. Qxc6 Rxc3+ 32. Kd1 Rxd3+ 33. Bxd3 Qxf3+ 34.
Qxf3 Rxf3 35. h4 Rf2 36. Be4 Kg7 37. g5 Rf4 38. gxh6+ Kxh6 39. Bd5 Rxh4 0-1

[Event "WW Open"]
[Site "?"]
[Date "2017.11.18"]
[Round "3.2"]
[White "Kett, Tim"]
[Black "van Veelen, Thomas"]
[Result "1-0"]
[WhiteElo "2269"]
[BlackElo "1993"]
[PlyCount "47"]
[EventDate "2017.12.01"]
[SourceDate "2017.12.01"]

1. e4 e6 2. d4 d5 3. Nc3 Bb4 4. e5 c5 5. a3 Bxc3+ 6. bxc3 Ne7 7. a4 Qa5 8. Bd2
Nbc6 9. Nf3 Qc7 10. Be2 O-O 11. O-O f6 12. exf6 Rxf6 13. dxc5 e5 14. Bg5 Rg6
15. Bh4 Be6 16. Ng5 Nf5 17. Nxe6 Rxe6 18. Qxd5 Qf7 19. Bc4 Rae8 20. Qe4 Nxh4
21. Qxh4 Qg6 22. Rad1 Kh8 23. Bxe6 Qxe6 24. Qe4 1-0

[Event "WW Open"]
[Site "?"]
[Date "2017.11.18"]
[Round "3.3"]
[White "Heaven, Pete"]
[Black "Zeidler, Sven"]
[Result "0-1"]
[WhiteElo "2088"]
[BlackElo "2169"]
[PlyCount "146"]
[EventDate "2017.12.01"]
[SourceDate "2017.12.01"]

1. e4 d5 2. exd5 Qxd5 3. Nc3 Qd8 4. Bc4 Nf6 5. d4 c6 6. Nf3 Bf5 7. O-O e6 8.
Ne5 Nbd7 9. Qe2 Bd6 10. Bf4 Qc7 11. Rfe1 O-O 12. Bg3 Rad8 13. Rad1 a6 14. Bd3
Bxd3 15. Rxd3 Nd5 16. Rf3 Nxc3 17. bxc3 Nxe5 18. dxe5 Be7 19. Qe4 Qa5 20. h4 h5
21. Bf4 Qd5 22. Qe2 g6 23. g4 hxg4 24. Rd3 Qxa2 25. Rg3 Kg7 26. h5 Rh8 27. hxg6
Qd5 28. Rg2 Qf3 29. Qxf3 gxf3 30. Rg3 fxg6 31. Rxf3 Rhf8 32. Kg2 g5 33. Be3
Rxf3 34. Kxf3 Kg6 35. Ke4 Rd5 36. c4 Rd8 37. Rg1 Rh8 38. Bxg5 Bxg5 39. f4 Rh5
40. c5 Kh6 41. fxg5+ Rxg5 42. Rh1+ Kg6 43. Rb1 Rg4+ 44. Kd3 Kf5 45. Rxb7 Kxe5
46. Rb6 Kd5 47. Rxa6 Rg3+ 48. Kd2 Kxc5 49. Ra7 Kd4 50. Ra4+ Kd5 51. Rh4 e5 52.
Ke2 e4 53. Kd2 Kd4 54. c3+ Ke5 55. Rh5+ Kf4 56. Rc5 Rg2+ 57. Kd1 Ke3 58. Rxc6
Rg1+ 59. Kc2 Ke2 60. Rh6 Rg7 61. c4 Kf1 62. Kd1 e3 63. Rh1+ Kf2 64. Re1 Rg4 65.
Re2+ Kf3 66. Re1 Rd4+ 67. Kc2 Kf2 68. Rh1 e2 69. Rh2+ Kf1 70. Rh1+ Kg2 71. Ra1
Kf2 72. Kc3 Rd1 73. Ra2 Ke3 0-1

[Event "WW Open"]
[Site "?"]
[Date "2017.11.18"]
[Round "3.4"]
[White "Jones, Ian"]
[Black "Heap, Gerry"]
[Result "1/2-1/2"]
[WhiteElo "2000"]
[BlackElo "2132"]
[PlyCount "56"]
[EventDate "2017.12.01"]
[SourceDate "2017.12.01"]

1. e4 c5 2. Nf3 d6 3. d4 cxd4 4. Nxd4 Nf6 5. Nc3 g6 6. Be3 Bg7 7. f3 O-O 8. Qd2
Nc6 9. O-O-O Bd7 10. g4 Ne5 11. h4 Rc8 12. h5 Qa5 13. Kb1 Nxf3 14. Nxf3 Bxg4
15. Be2 Rxc3 16. Qxc3 Qxc3 17. bxc3 Nxe4 18. Rd3 Nxc3+ 19. Rxc3 Bxc3 20. hxg6
hxg6 21. Rh4 Be6 22. Nd4 Bd5 23. Bg5 f6 24. Bh6 g5 25. Rg4 Rc8 26. Bxg5 fxg5
27. Rxg5+ Kf7 28. Rxd5 Rh8 1/2-1/2

[Event "WW Open"]
[Site "?"]
[Date "2017.11.18"]
[Round "3.5"]
[White "Hewitt, William"]
[Black "Haigh, Tony"]
[Result "1-0"]
[WhiteElo "2110"]
[BlackElo "1870"]
[PlyCount "73"]
[EventDate "2017.12.01"]
[SourceDate "2017.12.01"]

1. e4 Nf6 2. e5 Nd5 3. d4 d6 4. Nf3 c6 5. Bc4 Bg4 6. h3 Bxf3 7. Qxf3 dxe5 8.
dxe5 e6 9. O-O Nd7 10. Re1 Qc7 11. Qe2 Bc5 12. Nd2 Nf4 13. Qe4 Ng6 14. Nf3
O-O-O 15. c3 Nb6 16. Bf1 Nd5 17. b4 Bb6 18. Bd2 Qe7 19. a3 Nc7 20. a4 a6 21. c4
f6 22. a5 Ba7 23. Bc3 f5 24. Qc2 Nh4 25. Nxh4 Qxh4 26. b5 cxb5 27. cxb5 axb5
28. Rab1 Rd5 29. Bb4 Kd7 30. Bd6 Rc8 31. Rbc1 Qd8 32. Qb3 Qh4 33. Qb2 b4 34.
Rc4 Rd4 35. Rec1 Rxc4 36. Rxc4 Qd8 37. Qxb4 1-0

[Event "WW Open"]
[Site "?"]
[Date "2017.11.18"]
[Round "3.6"]
[White "Fathallah, Joe"]
[Black "Pleasants, Allan"]
[Result "1/2-1/2"]
[WhiteElo "1963"]
[BlackElo "2198"]
[PlyCount "75"]
[EventDate "2017.12.01"]
[SourceDate "2017.12.01"]

1. d4 Nf6 2. c4 g6 3. Nc3 Bg7 4. e4 d6 5. f3 O-O 6. Be3 Nc6 7. Nge2 a6 8. Qd2
Na5 9. Nc1 Nd7 10. Be2 c5 11. O-O cxd4 12. Bxd4 Bxd4+ 13. Qxd4 Nc6 14. Qe3 Nc5
15. f4 f6 16. Nb3 Nxb3 17. axb3 e5 18. Rad1 Nd4 19. Rxd4 exd4 20. Qxd4 Bd7 21.
Qxd6 Bc6 22. Qxd8 Raxd8 23. Nd5 Bxd5 24. exd5 Rfe8 25. Kf2 Kf8 26. Bf3 b6 27.
Ra1 a5 28. b4 axb4 29. Ra4 Rd6 30. b3 g5 31. fxg5 fxg5 32. Rxb4 Kg7 33. Ra4 Rf6
34. h3 h5 35. Kg3 Re3 36. Ra3 Kg6 37. Kf2 Re7 38. Kg3 1/2-1/2